Pays par réseaux de lettres - Statistiques

Statistiques générales
  • Ce quiz a été pris 114 563 fois
  • Le résultat moyen est 10 sur 16
Statistiques - réponses
Par images Réponse % Correct
Canada
99%
Grèce
93%
Italie
77%
Géorgie
76%
Pays-Bas
76%
Malaisie
69%
Paraguay
64%
Erythrée
63%
Madagascar
59%
Kazakhstan
57%
Seychelles
48%
Philippines
47%
Soudan du Sud
42%
Kiribati
41%
Indonésie
40%
Liechtenstein
40%
Aucun quiz correspondant
Distribution des résultats
% des personnes avec chaque résultat
Percentile par nombre de réponses
Votre historique - résultats
Vous n’avez pas pris ce quiz